[Event "U-DM U14 2020"]
[Site "Odense"]
[Date "2020.11.20"]
[Round "1"]
[White "Wahlgreen, Noah Krug"]
[Black "Heiberg, Clara"]
[Result "0-1"]
[WhiteElo "1905"]
[BlackElo "1514"]
[PlyCount "60"]
[EventDate "2020.11.??"]
[EventType "swiss"]
[EventRounds "5"]
[EventCountry "DEN"]

1. Nf3 Nf6 2. b3 g6 3. Bb2 Bg7 4. e3 d6 5. Be2 O-O 6. O-O e5 7. d4 e4 8. Nfd2
d5 9. c4 c6 10. Nc3 Na6 11. cxd5 cxd5 12. Bxa6 bxa6 13. Ba3 Re8 14. Qe2 Rb8 15.
Na4 Bd7 16. Rfc1 Bb5 17. Qd1 Nd7 18. Bd6 Rb7 19. Nc3 Nb8 20. Nxb5 axb5 21. Bg3
Qd7 22. Qc2 Bf8 23. a3 a5 24. Qc3 Bxa3 25. Rxa3 b4 26. Qc5 Rb5 27. Qc2 bxa3 28.
Ra1 Rc8 29. Qa2 Qe7 30. Nb1 Rc1# 0-1

[Event "U-DM U14 2020"]
[Site "Odense"]
[Date "2020.11.20"]
[Round "1"]
[White "Nielsen Refs, Karl Emil Elmer"]
[Black "Burgaard, Kristian Gade"]
[Result "1/2-1/2"]
[WhiteElo "1525"]
[BlackElo "1700"]
[PlyCount "70"]
[EventDate "2020.11.??"]
[EventType "swiss"]
[EventRounds "5"]
[EventCountry "DEN"]

1. d4 d5 2. Bf4 c5 3. e3 Nc6 4. Nf3 Nf6 5. c3 e6 6. Nbd2 a6 7. Bd3 cxd4 8. exd4
b5 9. O-O b4 10. Re1 bxc3 11. bxc3 Bd6 12. Bxd6 Qxd6 13. c4 dxc4 14. Nxc4 Qe7
15. d5 Nd8 16. d6 Qa7 17. Nfe5 O-O 18. Rb1 Rb8 19. Qc2 h6 20. Rxb8 Qxb8 21. Rb1
Qa7 22. Nb6 Bb7 23. Qc7 Nd5 24. Nxd5 exd5 25. h3 Qd4 26. d7 f6 27. Ng6 Qxd3 28.
Nxf8 Qxb1+ 29. Kh2 Qf5 30. Qxd8 Qf4+ 31. Kg1 Qc1+ 32. Kh2 Qf4+ 33. Kh1 Qc1+ 34.
Kh2 Qf4+ 35. Kh1 Qc1+ 1/2-1/2

[Event "U-DM U14 2020"]
[Site "Odense"]
[Date "2020.11.20"]
[Round "1"]
[White "Jarlskov, Daniel Tuk Hartso"]
[Black "Wehding, Anton Bonsvig"]
[Result "1-0"]
[WhiteElo "1812"]
[BlackElo "1390"]
[PlyCount "95"]
[EventDate "2020.11.??"]
[EventType "swiss"]
[EventRounds "5"]
[EventCountry "DEN"]

1. c4 c5 2. b3 Nc6 3. Bb2 d6 4. g3 Bf5 5. Bg2 e5 6. Nc3 Nf6 7. d3 Be7 8. a3 Qb6
9. Na4 Qc7 10. e3 a6 11. Ne2 b5 12. Nac3 Rb8 13. Nd5 Qd7 14. Qd2 b4 15. a4 O-O
16. f4 Na5 17. Qd1 Bg4 18. fxe5 Bxe2 19. Kxe2 Nxd5 20. Bxd5 Rbd8 21. Kf2 dxe5
22. Bxe5 Qf5+ 23. Bf4 g5 24. e4 Qf6 25. e5 Qg7 26. Rg1 Kh8 27. Qh5 Qg6 28. Qh3
Qxd3 29. Rae1 Rxd5 30. cxd5 gxf4 31. d6 Bg5 32. Qg4 Rg8 33. gxf4 Qd2+ 34. Re2
Bh4+ 35. Qxh4 Qd4+ 36. Kf3 Qxg1 37. Qf6+ Qg7 38. Rg2 Qxf6 39. Rxg8+ Kxg8 40.
exf6 Nxb3 41. Ke4 Nd4 42. f5 b3 43. Kd5 b2 44. d7 h5 45. d8=Q+ Kh7 46. Qb6 Nb5
47. Qb7 Nc3+ 48. Kc4 1-0

[Event "U-DM U14 2020"]
[Site "Odense"]
[Date "2020.11.20"]
[Round "1"]
[White "Skaelbaek, Noah"]
[Black "Nielsen, Ture Jungberg"]
[Result "1-0"]
[WhiteElo "1466"]
[BlackElo "1758"]
[PlyCount "79"]
[EventDate "2020.11.??"]
[EventType "swiss"]
[EventRounds "5"]
[EventCountry "DEN"]

1. e4 c5 2. Nf3 d6 3. d4 cxd4 4. Nxd4 Nf6 5. Nc3 a6 6. Bg5 e6 7. Be2 Be7 8. Be3
O-O 9. O-O b5 10. a3 Bb7 11. Bf3 Nbd7 12. Re1 Ne5 13. Bf4 Nxf3+ 14. Nxf3 e5 15.
Bg3 Rc8 16. Qd2 Qa5 17. Bh4 b4 18. axb4 Qxb4 19. Bxf6 Bxf6 20. Ra3 Qc5 21. Rd1
Rfd8 22. Ne1 h6 23. Nd3 Qa7 24. Nb4 Rc4 25. Nbd5 Bh4 26. Qe2 Rc5 27. g3 Bxd5
28. Nxd5 Be7 29. Rxa6 Qd7 30. Kg2 Bf8 31. Rda1 f5 32. b4 Rc6 33. Ra7 Qc8 34.
Qh5 fxe4 35. Qf7+ Kh8 36. Nf6 Be7 37. Rxe7 Rg8 38. Qg6 Qh3+ 39. Kxh3 gxf6 40.
Rh7# 1-0

[Event "U-DM U14 2020"]
[Site "Odense"]
[Date "2020.11.20"]
[Round "1"]
[White "Loftgaard, Mikkel Vinh"]
[Black "Villumsen, Christian Gyldendal"]
[Result "1-0"]
[WhiteElo "1864"]
[BlackElo "1200"]
[PlyCount "105"]
[EventDate "2020.11.??"]
[EventType "swiss"]
[EventRounds "5"]
[EventCountry "DEN"]

1. e4 e5 2. Nf3 Nc6 3. d4 exd4 4. Nxd4 Bc5 5. Be3 Bb6 6. Bc4 Nf6 7. Nc3 d6 8.
Nxc6 bxc6 9. Bg5 O-O 10. O-O Re8 11. Qf3 Be6 12. Ba6 Rb8 13. h3 h6 14. Bxf6
Qxf6 15. Qxf6 gxf6 16. Rfe1 Bd4 17. Red1 c5 18. Nb5 Re7 19. Nxd4 cxd4 20. b3 c5
21. Rac1 Rd7 22. Rd3 f5 23. Rg3+ Kf8 24. Bd3 fxe4 25. Bxe4 d5 26. Bh7 Ke7 27.
f4 Rh8 28. Bd3 c4 29. f5 cxd3 30. fxe6 fxe6 31. cxd3 Kd6 32. Rg4 e5 33. Rg6+
Ke7 34. Rcc6 Kd8 35. Rge6 Re7 36. Rc8+ Kxc8 37. Rxe7 e4 38. dxe4 dxe4 39. Rxe4
Rd8 40. Kf2 d3 41. Ke1 d2+ 42. Kd1 Kb7 43. Re2 Kb6 44. Rxd2 Rxd2+ 45. Kxd2 Kb5
46. Kc3 a6 47. a4+ Kb6 48. Kc4 Ka5 49. g4 Kb6 50. b4 a5 51. b5 Kb7 52. h4 Kc7
53. g5 1-0

[Event "U-DM U14 2020"]
[Site "Odense"]
[Date "2020.11.20"]
[Round "1"]
[White "Skow, Mathias Waldemar Be"]
[Black "Iskos, Lukas"]
[Result "0-1"]
[WhiteElo "1275"]
[BlackElo "1746"]
[PlyCount "80"]
[EventDate "2020.11.??"]
[EventType "swiss"]
[EventRounds "5"]
[EventCountry "DEN"]

1. d4 Nf6 2. c4 e6 3. Nc3 d5 4. cxd5 exd5 5. Bg5 Bb4 6. e3 Bf5 7. Qf3 Be4 8.
Bxf6 gxf6 9. Qd1 Nd7 10. Qb3 c5 11. a3 Qa5 12. Rc1 Bxc3+ 13. Qxc3 Qxc3+ 14.
Rxc3 c4 15. Ne2 b5 16. Rc1 Nb6 17. Nc3 a6 18. Nxe4 dxe4 19. Be2 Ke7 20. O-O f5
21. Rc2 Rhc8 22. Rfc1 Ra7 23. Bd1 Rac7 24. h3 a5 25. Be2 Kd6 26. Kh2 b4 27. Kg3
b3 28. Rd2 Na4 29. Bd1 c3 30. bxc3 Nxc3 31. Kh2 Nxd1 32. Rxc7 Rxc7 33. Rxd1 Rc2
34. Kg3 Ra2 35. Rb1 a4 36. f3 Rxa3 37. Rb2 Ra2 38. Rb1 b2 39. Kf4 a3 40. fxe4
fxe4 0-1

[Event "U-DM U14 2020"]
[Site "Odense"]
[Date "2020.11.20"]
[Round "1"]
[White "Andries, Alf"]
[Black "Skov, Emil"]
[Result "1-0"]
[WhiteElo "1645"]
[BlackElo "1038"]
[PlyCount "55"]
[EventDate "2020.11.??"]
[EventType "swiss"]
[EventRounds "5"]
[EventCountry "DEN"]

1. e4 c5 2. c3 Nc6 3. d4 e6 4. d5 exd5 5. exd5 Ne5 6. Be2 Nf6 7. Nf3 Bd6 8. O-O
O-O 9. h3 h6 10. Be3 Qb6 11. b3 Re8 12. Na3 a6 13. Nxe5 Bxe5 14. Nc4 Qc7 15. d6
Qb8 16. Bf3 b5 17. Bxa8 Qxa8 18. Nb6 Qe4 19. Nxc8 Rxc8 20. Rc1 Rc6 21. Qf3 Qg6
22. c4 Rxd6 23. Bxc5 Rd3 24. Be3 Ne4 25. Rfd1 Ng5 26. Qa8+ Kh7 27. Bxg5 Qxg5
28. Qe4+ 1-0

[Event "U-DM U14 2020"]
[Site "Odense"]
[Date "2020.11.20"]
[Round "1"]
[White "Voldsgaard, Nicholas"]
[Black "Pihl, William"]
[Result "0-1"]
[WhiteElo "1032"]
[BlackElo "1719"]
[PlyCount "72"]
[EventDate "2020.11.??"]
[EventType "swiss"]
[EventRounds "5"]
[EventCountry "DEN"]

1. e4 e5 2. Nf3 Nc6 3. c3 d6 4. d4 exd4 5. cxd4 Bg4 6. d5 Ne5 7. Be2 Bxf3 8.
Bxf3 Nxf3+ 9. Qxf3 Qf6 10. Qd3 Nh6 11. Qb5+ Kd8 12. Qxb7 Rc8 13. O-O Qe5 14.
Nd2 Ng4 15. Nf3 Qxe4 16. Bg5+ f6 17. Rfe1 Qa4 18. b3 Qa5 19. Re4 Be7 20. Rxg4
fxg5 21. Nxg5 Bxg5 22. Rxg5 Qd2 23. Qc6 Qxg5 24. Re1 Qg6 25. h3 Re8 26. Rc1 Qf6
27. Qc4 Rf8 28. f3 Qf4 29. Qc3 Qe5 30. Qd3 Rf6 31. Qxh7 Qe3+ 32. Kh2 Qf4+ 33.
g3 Qd2+ 34. Kg1 Qxc1+ 35. Kf2 Qd2+ 36. Kf1 Rxf3+ 0-1

[Event "U-DM U14 2020"]
[Site "Odense"]
[Date "2020.11.20"]
[Round "1"]
[White "Veiergang, Oscar Jacob"]
[Black "Nielsen, Maja Merete F"]
[Result "1-0"]
[WhiteElo "1714"]
[BlackElo "1000"]
[PlyCount "59"]
[EventDate "2020.11.??"]
[EventType "swiss"]
[EventRounds "5"]
[EventCountry "DEN"]

1. e4 e6 2. d4 Nc6 3. c4 Nf6 4. e5 Ne4 5. Bd3 f5 6. Nf3 Bb4+ 7. Nbd2 b6 8. a3
Be7 9. Nxe4 Bb7 10. Nc3 g5 11. d5 exd5 12. cxd5 Nb8 13. e6 dxe6 14. Bb5+ c6 15.
dxc6 Bxc6 16. Qxd8+ Bxd8 17. Bxg5 Bc7 18. Nd4 Bxb5 19. Ncxb5 Be5 20. O-O-O h6
21. Bh4 a6 22. Rhe1 axb5 23. Rxe5 Kf7 24. Rxe6 Rc8+ 25. Kb1 Nc6 26. Rxc6 Rxc6
27. Nxc6 Rg8 28. Rd7+ Ke8 29. Ne5 Rxg2 30. Rd8# 1-0

[Event "U-DM U14 2020"]
[Site "Odense"]
[Date "2020.11.20"]
[Round "1"]
[White "Mai, Houng"]
[Black "Wehding, Laurits Bonsvig"]
[Result "0-1"]
[WhiteElo "1000"]
[BlackElo "1554"]
[PlyCount "54"]
[EventDate "2020.11.??"]
[EventType "swiss"]
[EventRounds "5"]
[EventCountry "DEN"]

1. e4 c5 2. Nf3 Nc6 3. Nc3 d6 4. Bc4 Bg4 5. h3 Bh5 6. d3 h6 7. Ne2 Bxf3 8. gxf3
Ne5 9. Bb5+ Nd7 10. a3 a6 11. Ba4 b5 12. Bb3 Ne5 13. Ng3 e6 14. f4 Nc6 15. Be3
Nf6 16. Nh5 g6 17. Nxf6+ Qxf6 18. c3 a5 19. Qf3 Ne5 20. Qe2 Nc6 21. O-O-O a4
22. Ba2 Bg7 23. Rhg1 b4 24. axb4 cxb4 25. cxb4 Nxb4 26. Bc4 O-O 27. Bd2 Qxb2#
0-1

[Event "U-DM U14 2020"]
[Site "Odense"]
[Date "2020.11.21"]
[Round "2"]
[White "Pihl, William"]
[Black "Jarlskov, Daniel Tuk Hartso"]
[Result "1/2-1/2"]
[WhiteElo "1719"]
[BlackElo "1812"]
[PlyCount "104"]
[EventDate "2020.11.??"]
[EventType "swiss"]
[EventRounds "5"]
[EventCountry "DEN"]

1. e4 e5 2. Nc3 Nf6 3. Bc4 Bc5 4. d3 h6 5. Nf3 d6 6. Na4 Bb6 7. Nxb6 axb6 8.
Be3 Nc6 9. a3 Be6 10. Bxe6 fxe6 11. b4 b5 12. c4 bxc4 13. dxc4 Nxe4 14. Qc2 Nf6
15. Qg6+ Kf8 16. O-O Qe8 17. Qc2 Kf7 18. c5 Rf8 19. cxd6 cxd6 20. Rfd1 e4 21.
Nd2 d5 22. Bc5 Ne7 23. Nb3 Rc8 24. Qe2 Nd7 25. Qg4 b6 26. Nd4 Nxc5 27. bxc5 Qd7
28. cxb6 Nf5 29. a4 Nxd4 30. Rxd4 Qc6 31. a5 Qc5 32. Rdd1 Rc6 33. b7 Kg8 34.
Qg3 Qa7 35. Rdb1 e5 36. Qe3 d4 37. Qxe4 Rcf6 38. Qc2 d3 39. Qc4+ Kh8 40. Qc8
Rxf2 41. Kh1 d2 42. b8=Q d1=Q+ 43. Rxd1 Qxb8 44. Qxb8 Rxb8 45. a6 Ra8 46. Rd6
e4 47. Re6 e3 48. Rxe3 Rxa6 49. Ree1 Rb6 50. Rf1 Rd2 51. Rad1 Ra2 52. Ra1 Re2
1/2-1/2

[Event "U-DM U14 2020"]
[Site "Odense"]
[Date "2020.11.21"]
[Round "2"]
[White "Wehding, Laurits Bonsvig"]
[Black "Loftgaard, Mikkel Vinh"]
[Result "1/2-1/2"]
[WhiteElo "1554"]
[BlackElo "1864"]
[PlyCount "99"]
[EventDate "2020.11.??"]
[EventType "swiss"]
[EventRounds "5"]
[EventCountry "DEN"]

1. e4 c5 2. Nf3 e6 3. Nc3 Nf6 4. e5 Ng4 5. h3 Nh6 6. d4 Nf5 7. d5 d6 8. g4 Nd4
9. Nxd4 cxd4 10. Qxd4 exd5 11. exd6 Qxd6 12. Qxd5 Nc6 13. Qxd6 Bxd6 14. Nb5 Bb8
15. Be3 a6 16. Nd4 Nxd4 17. Bxd4 O-O 18. Bd3 Re8+ 19. Kd2 Bf4+ 20. Be3 Be5 21.
c3 Bd7 22. f4 Bc7 23. Rhe1 Bc6 24. h4 Rad8 25. f5 Bb5 26. Bd4 Bf4+ 27. Kc2 Bc6
28. Bf2 h6 29. Rxe8+ Rxe8 30. Re1 Rxe1 31. Bxe1 Bf3 32. f6 Bxg4 33. fxg7 Kxg7
34. Be4 Bc8 35. Bf3 f5 36. c4 Kf6 37. Kd3 Be5 38. b4 f4 39. Bd2 Bf5+ 40. Be4 f3
41. Bxf5 Kxf5 42. Bxh6 Kg4 43. Be3 Kxh4 44. Ke4 Bc3 45. Kxf3 Bxb4 46. Ke4 Kg4
47. Kd5 Kf3 48. Bg1 Ke2 49. c5 Kd3 50. a4 1/2-1/2

[Event "U-DM U14 2020"]
[Site "Odense"]
[Date "2020.11.21"]
[Round "2"]
[White "Iskos, Lukas"]
[Black "Veiergang, Oscar Jacob"]
[Result "1-0"]
[WhiteElo "1746"]
[BlackElo "1714"]
[PlyCount "95"]
[EventDate "2020.11.??"]
[EventType "swiss"]
[EventRounds "5"]
[EventCountry "DEN"]

1. d4 Nf6 2. Bf4 d5 3. Nf3 Bf5 4. e3 e6 5. Bd3 Bxd3 6. Qxd3 Nc6 7. c3 h6 8.
Nbd2 Bd6 9. Bg3 a6 10. e4 Bxg3 11. fxg3 dxe4 12. Nxe4 Nxe4 13. Qxe4 Qd5 14.
Qxd5 exd5 15. O-O O-O 16. Rae1 Rae8 17. Rxe8 Rxe8 18. Re1 Rxe1+ 19. Nxe1 f6 20.
Nd3 Nd8 21. Kf2 Kf7 22. Ke3 g5 23. g4 Ke7 24. b3 Nf7 25. Nc5 Nd6 26. Kd3 a5 27.
c4 c6 28. Na4 dxc4+ 29. bxc4 b5 30. Nb6 b4 31. c5 Nb5 32. Nc4 a4 33. Na5 b3 34.
axb3 a3 35. Nxc6+ Ke6 36. Nb4 Nc7 37. Kc4 Nd5 38. Na2 Ne3+ 39. Kb4 Nxg4 40.
Kxa3 Ne3 41. Nb4 Nf5 42. d5+ Kd7 43. Ka4 Nd4 44. Ka5 Nxb3+ 45. Kb6 Nd4 46. c6+
Kc8 47. d6 Ne6 48. Nd5 1-0

[Event "U-DM U14 2020"]
[Site "Odense"]
[Date "2020.11.21"]
[Round "2"]
[White "Burgaard, Kristian Gade"]
[Black "Skaelbaek, Noah"]
[Result "1-0"]
[WhiteElo "1700"]
[BlackElo "1466"]
[PlyCount "65"]
[EventDate "2020.11.??"]
[EventType "swiss"]
[EventRounds "5"]
[EventCountry "DEN"]

1. d4 d5 2. c4 c6 3. cxd5 cxd5 4. Bg5 Nc6 5. Nc3 Bf5 6. Nf3 Nf6 7. Bxf6 exf6 8.
e3 Be7 9. Nh4 Be6 10. Bd3 Qd7 11. Nf3 Rd8 12. O-O O-O 13. Rc1 Bd6 14. Na4 Rc8
15. Nc5 Qe7 16. Nh4 b6 17. Na4 g6 18. Nf3 Bg4 19. h3 Bxf3 20. Qxf3 Qe6 21. a3
f5 22. Nc3 Rfd8 23. Ba6 Rb8 24. Nxd5 Bxa3 25. bxa3 Rxd5 26. Bc4 Ne7 27. Bxd5
Nxd5 28. Qg3 Re8 29. Qf3 Nf6 30. Qc6 Ne4 31. Qxe6 fxe6 32. Rc7 a6 33. Rfc1 1-0

[Event "U-DM U14 2020"]
[Site "Odense"]
[Date "2020.11.21"]
[Round "2"]
[White "Nielsen, Ture Jungberg"]
[Black "Nielsen Refs, Karl Emil Elmer"]
[Result "1-0"]
[WhiteElo "1758"]
[BlackElo "1525"]
[PlyCount "125"]
[EventDate "2020.11.??"]
[EventType "swiss"]
[EventRounds "5"]
[EventCountry "DEN"]

1. c4 c5 2. Nc3 Nf6 3. g3 g6 4. Bg2 Bg7 5. e3 Nc6 6. Nge2 O-O 7. O-O d6 8. d4
cxd4 9. exd4 Bf5 10. a3 Rc8 11. Bf4 Qd7 12. Rc1 Na5 13. b3 Bh3 14. d5 Bxg2 15.
Kxg2 Nh5 16. Be3 e5 17. Bxa7 f5 18. f3 f4 19. g4 Nf6 20. h3 g5 21. Nb5 h5 22.
Nec3 hxg4 23. hxg4 Rf7 24. Bb6 Rcf8 25. Bxa5 e4 26. Nxe4 Nxe4 27. Nd4 Bxd4 28.
Qxd4 Nf6 29. Bc3 Rh7 30. Rh1 Nxg4 31. Qh8+ Rxh8 32. Rxh8+ Kf7 33. Rh7+ Ke8 34.
Rxd7 Ne3+ 35. Kf2 Kxd7 36. Rg1 Rf5 37. Bd4 Nc2 38. Bb6 Nxa3 39. Rc1 Rf8 40. Bd4
b5 41. Bb2 bxc4 42. Bxa3 cxb3 43. Rc6 b2 44. Rxd6+ Kc7 45. Rc6+ Kd7 46. Bxb2
Rf5 47. Rc4 Rxd5 48. Rd4 Rxd4 49. Bxd4 Ke6 50. Kg2 Kf7 51. Kh3 Kg6 52. Kg4 Kh6
53. Bf6 Kh7 54. Bxg5 Kg6 55. Bxf4 Kh7 56. Kf5 Kh8 57. Kg6 Kg8 58. Bd6 Kh8 59.
f4 Kg8 60. f5 Kh8 61. f6 Kg8 62. f7+ Kh8 63. f8=R# 1-0

[Event "U-DM U14 2020"]
[Site "Odense"]
[Date "2020.11.21"]
[Round "2"]
[White "Skov, Emil"]
[Black "Wahlgreen, Noah Krug"]
[Result "0-1"]
[WhiteElo "1038"]
[BlackElo "1905"]
[PlyCount "78"]
[EventDate "2020.11.??"]
[EventType "swiss"]
[EventRounds "5"]
[EventCountry "DEN"]

1. e4 c6 2. d4 d5 3. Nc3 dxe4 4. Nxe4 Bf5 5. Ng3 Bg6 6. Nf3 h6 7. Bd3 Bxd3 8.
Qxd3 Nf6 9. O-O e6 10. Re1 Qc7 11. c4 Be7 12. Ne5 O-O 13. Bf4 Re8 14. Ng6 Bd6
15. Bxd6 Qxd6 16. c5 Qc7 17. Ne5 Rd8 18. Ne4 Nxe4 19. Rxe4 Na6 20. a3 Nxc5 21.
Qe3 Nxe4 22. Qxe4 Rd5 23. Rc1 Rad8 24. Nf3 Qb6 25. b4 a5 26. Rc4 Qb5 27. Nd2 e5
28. a4 Qxa4 29. bxa5 Qd1+ 30. Nf1 Rxd4 31. Rxd4 Qxd4 32. Qb1 Qc4 33. Qxb7 Rd1
34. Qc8+ Kh7 35. Qf5+ g6 36. Qxf7+ Qxf7 37. h3 Qc4 38. Kh2 Rxf1 39. Kg3 Qf4#
0-1

[Event "U-DM U14 2020"]
[Site "Odense"]
[Date "2020.11.21"]
[Round "2"]
[White "Wehding, Anton Bonsvig"]
[Black "Voldsgaard, Nicholas"]
[Result "1-0"]
[WhiteElo "1390"]
[BlackElo "1032"]
[PlyCount "63"]
[EventDate "2020.11.??"]
[EventType "swiss"]
[EventRounds "5"]
[EventCountry "DEN"]

1. d4 c5 2. c3 b6 3. Nf3 d5 4. Bf4 Nc6 5. e3 a5 6. Bb5 Bd7 7. Qa4 Qc8 8. Ne5
Nxe5 9. Bxe5 Ra7 10. Nd2 e6 11. O-O Ne7 12. Bd6 Rb7 13. Bxd7+ Rxd7 14. dxc5
bxc5 15. Bxe7 Bxe7 16. Qxa5 O-O 17. Qa4 c4 18. e4 Qb7 19. exd5 Ra8 20. Qxc4
Rxd5 21. Nb3 Rc8 22. Qe4 Qb5 23. Rac1 Rc4 24. Qe2 Re5 25. Qd3 Qc6 26. Nd4 Qd7
27. Qxc4 Rh5 28. Qc6 Qd8 29. Qf3 Rh6 30. Nc6 Qd6 31. Nxe7+ Qxe7 32. Qa8+ 1-0

[Event "U-DM U14 2020"]
[Site "Odense"]
[Date "2020.11.21"]
[Round "2"]
[White "Villumsen, Christian Gyldendal"]
[Black "Mai, Houng"]
[Result "1-0"]
[WhiteElo "1200"]
[BlackElo "1000"]
[PlyCount "67"]
[EventDate "2020.11.??"]
[EventType "swiss"]
[EventRounds "5"]
[EventCountry "DEN"]

1. c4 e5 2. Nc3 Nf6 3. d3 d5 4. cxd5 Nxd5 5. g3 Bb4 6. Bd2 Be6 7. Bg2 Nc6 8.
Nf3 h6 9. O-O O-O 10. a3 Ba5 11. Rc1 Qd7 12. Ne4 Bb6 13. Nc3 a6 14. Nxd5 Bxd5
15. Bc3 Rfe8 16. b4 Bd4 17. Nxd4 exd4 18. Bb2 Bxg2 19. Kxg2 Qd5+ 20. Kg1 Re6
21. Rc5 Qd6 22. Qd2 b6 23. Rc4 Rae8 24. Re1 Ne5 25. Rxd4 Nf3+ 26. exf3 Rxe1+
27. Kg2 Qc6 28. Rc4 Qb7 29. Qc3 f6 30. Rxc7 Qa8 31. Rxg7+ Kh8 32. Qxf6 Rf8 33.
Rf7+ Kg8 34. Qg7# 1-0

[Event "U-DM U14 2020"]
[Site "Odense"]
[Date "2020.11.21"]
[Round "2"]
[White "Nielsen, Maja Merete F"]
[Black "Skow, Mathias Waldemar Be"]
[Result "0-1"]
[WhiteElo "1000"]
[BlackElo "1275"]
[PlyCount "98"]
[EventDate "2020.11.??"]
[EventType "swiss"]
[EventRounds "5"]
[EventCountry "DEN"]

1. e4 e5 2. Nc3 Nf6 3. Bc4 Bc5 4. Qe2 Nc6 5. Nf3 d6 6. d3 Be6 7. Bd5 Bxd5 8.
exd5 Ne7 9. g3 Nexd5 10. Nxd5 Nxd5 11. c4 Nf6 12. Bg5 h6 13. Bxf6 Qxf6 14. Qe4
O-O-O 15. Qg4+ Kb8 16. O-O-O Bxf2 17. d4 Be3+ 18. Kb1 Qg6+ 19. Qxg6 fxg6 20.
Rd3 exd4 21. Rf1 Rhf8 22. b3 Rd7 23. Re1 Rxf3 24. b4 Rdf7 25. Rb3 Rf1 26. Rxf1
Rxf1+ 27. Kc2 Rf2+ 28. Kb1 Rxh2 29. c5 dxc5 30. bxc5 c6 31. a4 Rg2 32. a5 a6
33. Rb6 Rxg3 34. Rb3 Rg2 35. Rb2 Rxb2+ 36. Kxb2 h5 37. Kc2 h4 38. Kd1 h3 39.
Ke2 h2 40. Kd3 h1=Q 41. Kc4 Qd5+ 42. Kd3 Qb3+ 43. Ke4 Qc2+ 44. Kf3 d3 45. Kxe3
d2 46. Kf3 d1=Q+ 47. Kf4 Qf5+ 48. Kg3 Qdg4+ 49. Kh2 Qfh5# 0-1

[Event "U-DM U14 2020"]
[Site "Odense"]
[Date "2020.11.21"]
[Round "3"]
[White "Jarlskov, Daniel Tuk Hartso"]
[Black "Iskos, Lukas"]
[Result "1/2-1/2"]
[WhiteElo "1812"]
[BlackElo "1746"]
[PlyCount "78"]
[EventDate "2020.11.??"]
[EventType "swiss"]
[EventRounds "5"]
[EventCountry "DEN"]

1. c4 e5 2. Nc3 Nc6 3. Nf3 f5 4. d4 e4 5. Nd2 Nf6 6. e3 Bb4 7. a3 Bxc3 8. bxc3
d6 9. Be2 O-O 10. a4 b6 11. Nb3 a5 12. Ba3 Ne7 13. Qc2 Ng6 14. f4 Ng4 15. Bxg4
fxg4 16. O-O Bf5 17. c5 dxc5 18. dxc5 Re8 19. Rfd1 Qf6 20. cxb6 cxb6 21. Rd6
Re6 22. Rad1 Rc8 23. c4 Rxd6 24. Rxd6 Qh4 25. g3 Qe7 26. Nd4 Bd7 27. Qb3 Qf7
28. Qxb6 Bxa4 29. Rd8+ Rxd8 30. Qxd8+ Qe8 31. Qxa5 Bd7 32. Qd5+ Qf7 33. Qxe4
Qxc4 34. f5 Nf8 35. Qxg4 Qc3 36. Bxf8 Qxe3+ 37. Kg2 Kxf8 38. Ne6+ Bxe6 39. fxe6
Qd2+ 1/2-1/2

[Event "U-DM U14 2020"]
[Site "Odense"]
[Date "2020.11.21"]
[Round "3"]
[White "Pihl, William"]
[Black "Burgaard, Kristian Gade"]
[Result "0-1"]
[WhiteElo "1719"]
[BlackElo "1700"]
[PlyCount "120"]
[EventDate "2020.11.??"]
[EventType "swiss"]
[EventRounds "5"]
[EventCountry "DEN"]

1. e4 c5 2. Nf3 e6 3. d4 cxd4 4. Nxd4 Nc6 5. Nc3 Qc7 6. Be3 a6 7. Be2 Nf6 8. a3
Be7 9. Nb3 b5 10. Bf3 Ne5 11. Bf4 Nxf3+ 12. Qxf3 e5 13. Bg3 d6 14. O-O O-O 15.
Bh4 Be6 16. Rad1 Bg4 17. Qg3 Bxd1 18. Bxf6 Bxf6 19. Nd5 Qd8 20. Rxd1 Rc8 21. c3
g6 22. Na5 Bg7 23. Nb7 Qd7 24. Na5 Rcd8 25. Nb3 f5 26. exf5 Rxf5 27. Ne3 Rff8
28. Nc5 Qf7 29. Nxa6 d5 30. Nb4 d4 31. cxd4 Qf4 32. Qxf4 Rxf4 33. d5 Rd4 34.
Rc1 Rd2 35. b3 Rb2 36. Rd1 Rxb3 37. Nc6 Rd6 38. Ne7+ Kf7 39. Nc8 Rd7 40. Nb6
Rd8 41. d6 Rxa3 42. d7 e4 43. g3 Ra1 44. Rxa1 Bxa1 45. Nc2 Bc3 46. Kf1 Ba5 47.
Nd5 Rxd7 48. Nde3 b4 49. Nc4 Bc7 50. N2e3 Ke6 51. Ke2 b3 52. Nb2 Be5 53. Nec4
Bxb2 54. Nxb2 Rc7 55. Kd1 Rc2 56. Na4 Ke5 57. h3 Rxf2 58. Kc1 Rf3 59. Kb2 Rxg3
60. Nc3 Rxc3 0-1

[Event "U-DM U14 2020"]
[Site "Odense"]
[Date "2020.11.21"]
[Round "3"]
[White "Loftgaard, Mikkel Vinh"]
[Black "Heiberg, Clara"]
[Result "1-0"]
[WhiteElo "1864"]
[BlackElo "1514"]
[PlyCount "49"]
[EventDate "2020.11.??"]
[EventType "swiss"]
[EventRounds "5"]
[EventCountry "DEN"]

1. e4 c5 2. c3 Nf6 3. e5 Nd5 4. d4 cxd4 5. cxd4 d6 6. exd6 Qxd6 7. Nc3 Nc6 8.
Nf3 g6 9. Bd3 Bg7 10. O-O O-O 11. Bg5 b6 12. Re1 Re8 13. Rc1 Bb7 14. Nxd5 Qxd5
15. Be4 Qd7 16. Qa4 Rac8 17. Rc2 a6 18. Bxc6 Bxc6 19. Qa3 Bb7 20. Rxc8 Qxc8 21.
Rxe7 Rxe7 22. Qxe7 Qf5 23. Qe8+ Bf8 24. Bh6 Qb1+ 25. Ne1 1-0

[Event "U-DM U14 2020"]
[Site "Odense"]
[Date "2020.11.21"]
[Round "3"]
[White "Andries, Alf"]
[Black "Wehding, Laurits Bonsvig"]
[Result "1-0"]
[WhiteElo "1645"]
[BlackElo "1554"]
[PlyCount "98"]
[EventDate "2020.11.??"]
[EventType "swiss"]
[EventRounds "5"]
[EventCountry "DEN"]

1. e4 c5 2. c3 Nc6 3. d4 cxd4 4. cxd4 d5 5. exd5 Qxd5 6. Nf3 e5 7. Nc3 Bb4 8.
Bd2 Bxc3 9. Bxc3 e4 10. Ne5 Nge7 11. Bc4 Qd6 12. Nxf7 Qg6 13. Nxh8 Qxg2 14. Kd2
e3+ 15. Kc1 exf2 16. Qf1 Bh3 17. Qxg2 Bxg2 18. Rd1 O-O-O 19. Nf7 Rf8 20. Kd2
Nd5 21. Ne5 Nce7 22. Bf1 Be4 23. Rac1 Nc6 24. Bh3+ Kc7 25. Bf1 Kd6 26. Bc4 Nb6
27. Bb5 Nd5 28. Nxc6 bxc6 29. Bc4 Bf3 30. Rf1 Bg2 31. Bxd5 Kxd5 32. Ke2 Bxf1+
33. Rxf1 Rf5 34. Rxf2 Rh5 35. Kf3 g6 36. Kg3 Kc4 37. Rf7 a6 38. Rb7 a5 39. Ra7
Rg5+ 40. Kf2 Rh5 41. Kg2 Rg5+ 42. Kh1 Kd3 43. Rxa5 Rg4 44. Re5 h5 45. a4 Kc4
46. a5 Rf4 47. a6 Rf1+ 48. Kg2 Ra1 49. Ra5 Rxa5 1-0

[Event "U-DM U14 2020"]
[Site "Odense"]
[Date "2020.11.21"]
[Round "3"]
[White "Wahlgreen, Noah Krug"]
[Black "Villumsen, Christian Gyldendal"]
[Result "1-0"]
[WhiteElo "1905"]
[BlackElo "1200"]
[PlyCount "67"]
[EventDate "2020.11.??"]
[EventType "swiss"]
[EventRounds "5"]
[EventCountry "DEN"]

1. e4 e5 2. Nf3 Nc6 3. Bc4 Bc5 4. c3 d6 5. O-O Nf6 6. Re1 O-O 7. h3 h6 8. d4
Bb6 9. a4 a6 10. d5 Ne7 11. Bd3 c6 12. c4 Ng6 13. Nc3 Re8 14. b4 Bd7 15. a5 Ba7
16. Qb3 Qc8 17. Bf1 Nh5 18. Be3 Bxe3 19. Rxe3 Rb8 20. Na4 c5 21. b5 Nhf4 22.
Kh2 Nf8 23. Rb1 g5 24. Ne1 h5 25. g3 Nxh3 26. Nb6 Qc7 27. Bxh3 Bxh3 28. Kxh3 h4
29. bxa6 bxa6 30. Qd1 Ng6 31. gxh4 Nxh4 32. Qg4 f6 33. Rg3 Kf7 34. Ng2 1-0

[Event "U-DM U14 2020"]
[Site "Odense"]
[Date "2020.11.21"]
[Round "3"]
[White "Veiergang, Oscar Jacob"]
[Black "Nielsen, Ture Jungberg"]
[Result "1-0"]
[WhiteElo "1714"]
[BlackElo "1758"]
[PlyCount "102"]
[EventDate "2020.11.??"]
[EventType "swiss"]
[EventRounds "5"]
[EventCountry "DEN"]

1. e4 c5 2. Nc3 Nc6 3. Bb5 g6 4. Bxc6 bxc6 5. d4 Bg7 6. Be3 cxd4 7. Bxd4 e5 8.
Bc5 Ne7 9. Nf3 O-O 10. h4 h5 11. Bd6 Re8 12. Qd2 Ba6 13. Bxe5 Bxe5 14. Nxe5 Nd5
15. Nxd5 Rxe5 16. Nc3 Qb6 17. O-O-O Rb8 18. b3 Qa5 19. Na4 Qb5 20. c4 Qb4 21.
Qxb4 Rxb4 22. Kc2 Rxe4 23. Kc3 Rxa4 24. bxa4 Rxc4+ 25. Kb3 d5 26. g3 Kg7 27.
Rc1 Kf6 28. Rxc4 Bxc4+ 29. Kb4 Ke6 30. Kc5 Kd7 31. Rb1 Kc7 32. a3 Bd3 33. Re1
Kd7 34. Re3 Bc2 35. Rf3 Bf5 36. a5 Kc7 37. a6 Kd7 38. Rb3 d4 39. Rb7+ Kc8 40.
Kxd4 Be6 41. Rxa7 Kb8 42. Rb7+ Ka8 43. Kc5 Bc8 44. Kxc6 Bxb7+ 45. axb7+ Kb8 46.
a4 f6 47. a5 g5 48. a6 f5 49. hxg5 f4 50. g6 h4 51. g7 hxg3 1-0